Директива наркома обороны СССР № 2 военным советам Ленинградского, Прибалтийского особого, Западного особого, Киевского особого ...

RUSMARC
00004152cbm0a2200265#x 450
00115999057-1454-444b-ab19-3fdbec1c699d
00520230317153332.0
100##$a20230301j19410622k###0rusy50 ca
1010#$arus
102##$aRU
1220#$ad194106220715
2001#$aДиректива наркома обороны СССР № 2 военным советам Ленинградского, Прибалтийского особого, Западного особого, Киевского особого и Одесского военных округов об уничтожении противника, нарушившего советскую границу
$j22 июня 1941 г. 7 ч 15 мин
251##$cДокумент
300##$aПодлинник. Подписи - автографы С. К. Тимошенко, Г. М. Маленкова, Г. К. Жукова
461#0$12001
$aФ. 148а
$1251
$cФонд
$1852
$j148а
462#0$12001
$aОп. 3763
$1251
$cОпись
$1852
$j3763
462#0$12001
$aД. 103
$vЛ. 1-2
$1251
$cДело
$1852
$j103
605##$2prlib_sh
$3LIBNET\UAF\0000088514
$aВторая мировая война в архивных документах (Комплекс оцифрованных архивных документов, кино- и фотоматериалов)
$lколлекция
6061#$2nlr_sh
$3RU\NLR\AUTH\661398676
$aВеликая Отечественная война
$z1941 - 1945
$xПервый период
$jДокументы и материалы
686##$a63.3(2)622,11ю11
$vLBC/M
$2rubbk
801#0$aRU
$bПБ им. Б.Н. Ельцина
$c20230301
801#1$aRU
$bПБ им. Б.Н. Ельцина
$c20230301
$2rusmarc
801#2$aRU
$bПБ им. Б.Н. Ельцина
$c20230317
$2rusmarc
850##$aЦентральный архив Министерства обороны Российской Федерации
852##$aЦА МО РФ
$jЛ. 1-2
035##$aLIBNET\0001312593
937##$d183879416
$hФедеральное архивное агентство
8564#$uhttp://readingroom.main.prlib.ru/item.aspx?id_node=n183879416&mode=full
Формат отображения